| 000 | 01365cam a22003617a 4500 | ||
|---|---|---|---|
| 003 | CHAP | ||
| 005 | 20220329140331.0 | ||
| 008 | 971013s1970 r 00010 d | ||
| 010 | _a50558 | ||
| 011 | _a51530 | ||
| 035 | _a55680 | ||
| 040 | _cCHAP | ||
| 082 |
_a631.45 _bP5 |
||
| 110 |
_aPlan Lerma Asistencia Técnica. México _988668 |
||
| 245 | 0 | _aInterrelación entre los recursos suelo y agua para la programación de su mejor aprovechamiento en la Cuenca alta del río de la Laja y Cuenca cerrada de la Laguna Seca, Estado de Guanajuato | |
| 260 |
_aGuadalajara, Jal. : _bEl Plan, _c1970 |
||
| 300 | _av. | ||
| 490 | 0 |
_aDocumento _v; 283 |
|
| 500 | _aLa biblioteca tiene: v.1, v.2 | ||
| 590 |
_aBATCH-UPD _b10 _c20130110 _lUCH01 _h1524 |
||
| 590 |
_aBATCH-UPD _b10 _c20130410 _lUCH01 _h0934 |
||
| 590 |
_aBATCH-UPD _b10 _c20130914 _lUCH01 _h1212 |
||
| 590 |
_aCONVERSION _b10 _c20130109 _lUCH01 _h1327 |
||
| 650 | 1 | 4 |
_aSuelos _xConservación. _9110283 |
| 650 | 1 | 4 |
_aSuelos _xHumedad. _9110391 |
| 650 | 1 | 4 |
_aSuelos _zGuanajuato. _9110521 |
| 830 | 0 |
_aDocumento _v; 283 _933191 |
|
| 901 | _aBK | ||
| 942 | _cLIBRO | ||
| 949 |
_a631.45 P5 _bBC _cLIBRO _d33724000075222 _eLIBRO _fv.1 _h38084 _i55680 _si |
||
| 949 |
_a631.45 P5 _bBC _cLIBRO _d33724000075230 _eLIBRO _fv.2 _h31773 _i55680 _si |
||
| 949 |
_a631.45 P5 _bBC _cLIBRO _d33724000075248 _eLIBRO _fv.2 c.2 _h60593 _i55680 _si |
||
| 999 |
_c50558 _d50558 |
||